[Event "Gatineau Rentree Hull"]
[Site "Gatineau"]
[Date "2018.10.09"]
[Round "5"]
[White "Jobin, Gilles G"]
[Black "Laurin, Jacques"]
[Result "1-0"]
[WhiteElo "1843"]
[BlackElo "1844"]
[PlyCount "45"]
[EventDate "2018.09.11"]
[EventType "swiss"]
[EventRounds "5"]
[EventCountry "CAN"]
[SourceTitle "EXT 2022"]
[Source "ChessBase"]
[SourceDate "2021.10.06"]
[SourceVersion "1"]
[SourceVersionDate "2021.10.06"]
[SourceQuality "1"]

1. e4 d6 2. d4 Nf6 3. Nc3 c6 4. f4 e5 5. dxe5 dxe5 6. Qxd8+ Kxd8 7. fxe5 Ng4 8. Nf3 Bb4 9. h3 Bxc3+ 10. bxc3 Nh6 11. Bg5+ Kc7 12. Bc4 Be6 13. Bxe6 fxe6 14. Nd4 Re8 15. 0-0 Nd7 16. Bxh6 gxh6 17. Rf7 b6 18. Rxh7 c5 19. Nf3 Kc6 20. Rd1 Rad8 21. Rd6+ Kc7 22. Kf2 Kc8 23. Rxh6 1-0

[Event "Gatineau Special Hiver Rotation-1"]
[Site "Gatineau"]
[Date "2018.02.13"]
[Round "3"]
[White "Jobin, Gilles G"]
[Black "Rioux, Jocelyn"]
[Result "1-0"]
[WhiteElo "1923"]
[BlackElo "1597"]
[PlyCount "69"]
[EventDate "2018.02.06"]
[EventType "tourn"]
[EventRounds "5"]
[EventCountry "CAN"]
[SourceTitle "EXT 2022"]
[Source "ChessBase"]
[SourceDate "2021.10.06"]
[SourceVersion "1"]
[SourceVersionDate "2021.10.06"]
[SourceQuality "1"]

1. e4 e6 2. b3 d5 3. Bb2 dxe4 4. Nc3 Nf6 5. Qe2 Be7 6. Nxe4 Nc6 7. 0-0-0 0-0 8. Nf3 a5 9. a4 b6 10. Nxf6+ Bxf6 11. Qe4 Bxb2+ 12. Kxb2 Bb7 13. Bd3 g6 14. Bb5 Qd5 15. Qh4 Qd8 16. Qg3 Nd4 17. Nxd4 Qxd4+ 18. c3 Qc5 19. h4 h5 20. Rhe1 Kg7 21. Re5 Qd6 22. f4 f5 23. Be2 Rh8 24. d4 Be4 25. c4 c6 26. c5 bxc5 27. dxc5 Qe7 28. Rd6 Bd5 29. Bf3 Rad8 30. Bxd5 Rxd6 31. cxd6 Qxd6 32. Rxe6 Qd7 33. Qxg6+ Kf8 34. Rf6+ Ke7 35. Rf7+ 1-0

[Event "Gatineau Eveil Printanier"]
[Site "Gatineau"]
[Date "2016.03.01"]
[Round "3"]
[White "Rose, Richard1111"]
[Black "Jobin, Gilles G"]
[Result "1-0"]
[WhiteElo "1882"]
[BlackElo "1752"]
[PlyCount "83"]
[EventDate "2016.03.01"]
[EventType "swiss"]
[EventRounds "5"]
[EventCountry "CAN"]
[SourceTitle "EXT 2022"]
[Source "ChessBase"]
[SourceDate "2021.10.06"]
[SourceVersion "1"]
[SourceVersionDate "2021.10.06"]
[SourceQuality "1"]

1. e4 d6 2. d4 Nf6 3. Nc3 e5 4. Nf3 Nbd7 5. Bc4 Be7 6. 0-0 0-0 7. Re1 c6 8. Bb3 exd4 9. Nxd4 Nc5 10. Bg5 Nxb3 11. axb3 Ne8 12. Bf4 Bg5 13. Qf3 Bxf4 14. Qxf4 Qf6 15. Qe3 Nc7 16. f4 Ne6 17. e5 dxe5 18. fxe5 Qf4 19. Qxf4 Nxf4 20. Ne4 Nd5 21. Nd6 Ne7 22. c4 b6 23. e6 fxe6 24. Nxc8 Rfxc8 25. Rxe6 Rc7 26. Rae1 Rd8 27. Nf3 Ng6 28. Ng5 Nf8 29. Re8 Rcc8 30. R8e7 h6 31. Ne4 Rd3 32. Nc3 Rd2 33. Rxa7 Rxb2 34. Ree7 Rxb3 35. Ne4 Rb1+ 36. Kf2 Rb2+ 37. Kg3 Rb3+ 38. Kg4 Rd8 39. Rxg7+ Kh8 40. Nf6 h5+ 41. Kxh5 Rd7 42. Rg8# 1-0